000 00788cab a22002415a 4500
001 L157815
008 130529e20130511xxk 000 0 eng d
035 _a(Sirsi) u157815
041 0 _aeng
100 1 _aHamilton, Helen
245 0 0 _aFocus
_bEG London
260 _c2013
490 _aEstates Gazette
_v(1319) 11 May 2013, 67-85(14)
520 _aIncludes information on redevelopment around Waterloo Station, the trend of investors looking South of the river for better value and an analysis of London's telecoms infrastructure as the 4G network is rolled out
590 _aKA
651 4 _aLondon
690 _aCommercial property
_96227
700 1 _aMorrison, Adrian
700 1 _aNorwood, Graham
700 1 _aSimmons, Mark
700 1 _aPilkington, Tom
942 _n0
999 _c84469
_d84469